2016-2017 NBA Statistical Leaders - Statistics

General Stats
  • This quiz has been taken 167 times
  • The average score is 24 of 46
Answer Stats
Answer % Correct
Kevin Durant
98%
Russell Westbrook
98%
Stephen Curry
98%
LeBron James
97%
James Harden
94%
Klay Thompson
89%
Chris Paul
83%
Anthony Davis
78%
Kawhi Leonard
75%
G. Antetokounmpo
74%
Draymond Green
73%
DeAndre Jordan
72%
Rudy Gobert
72%
Nikola Jokic
70%
Damian Lillard
68%
Dwight Howard
65%
DeMarcus Cousins
61%
Kevin Love
57%
Andre Drummond
56%
Jimmy Butler
54%
John Wall
53%
DeMar DeRozan
52%
Isaiah Thomas
50%
Kyle Lowry
50%
Bradley Beal
49%
Marc Gasol
49%
Brook Lopez
47%
Karl-Anthony Towns
47%
Clint Capela
46%
Jrue Holiday
41%
Hassan Whiteside
40%
Kemba Walker
40%
Myles Turner
37%
Eric Gordon
34%
Serge Ibaka
34%
Kristaps Porzingis
25%
Jeff Teague
22%
Julius Randle
21%
J.J. Redick
20%
Ricky Rubio
19%
Ryan Anderson
12%
Trevor Ariza
11%
Robert Covington
9%
Elfrid Payton
7%
T.J. McConnell
7%
Mason Plumlee
6%
No matching quizzes found
Score Distribution
Percent of People with Each Score
Percentile by Number Answered
Your Score History
You have not taken this quiz